00458nam a2200181Ia 4500008004100000020001800041050001600059100002000075245001500095245006700110260001500177260001600192260000900208300001600217300002500233300001000258500000800268170918s9999 xx 000 0 und d a9780439554004 bF982in 2005 aFunke, Cornelia aInkspell / cby Cornelia Funke ; translated from the German by Anthea Bell. aNew York : bScholastic, c2005 a635 pages : bcolor illustration ; c20cm. a890